| 000 | 00513nam a22001817a 4500 | ||
|---|---|---|---|
| 003 | CEME | ||
| 005 | 20210628204117.0 | ||
| 008 | 210308b xxu||||| |||| 00| 0 eng d | ||
| 020 | _a969-415-033-7 | ||
| 040 | _c. | ||
| 082 | _a954.03 NOO'M | ||
| 100 |
_aNoor-Ul-Haq _968785 |
||
| 245 | _aMaking of pakistan , the military perspective | ||
| 260 |
_aLAHORE _bARMY EDUCATION PRESS _c1995 |
||
| 300 | _aXVIII, 332P | ||
| 650 |
_aPAKISTAN HISTORY PAKISTAN HISTORY MILITARY INDIA HISTORY _968786 |
||
| 942 |
_cBK _2ddc |
||
| 999 |
_c576255 _d576255 |
||